Normal view
MARC view
Entry Personal Name
001 - CONTROL NUMBER
- control field: 18547
003 - CONTROL NUMBER IDENTIFIER
- control field: ARRUPE
005 - DATE AND TIME OF LATEST TRANSACTION
- control field: 20150807123448.0
008 - FIXED-LENGTH DATA ELEMENTS
- fixed length control field: 150807|| aca||aabn | a|a d
040 ## - CATALOGING SOURCE
- Original cataloging agency: ARRUPE
- Transcribing agency: ARRUPE
100 ## - HEADING--PERSONAL NAME
- Personal name: Hirsi Ali, Ayaan,
670 ## - SOURCE DATA FOUND
- Source citation: Work cat.: (ARRUPE)0: Hirsi Ali, Ayaan,, Heretic :, 2015